000
00250nam a2200109Ia 4500
008
200302s9999 xx 000 0 und d
100
_a
Alex Johnson
245
_a
Bookshelf
260
_b
Thames and Hudson Publishers
260
_c
2012
300
_a
271 P
999
_c
4347
_d
4347